00000000nam##2200000za#4500
0019.688102
003CaOODSP
00520210929082800
007cr |||||||||||
008150407|2006||||xxc|||||o    f|0| 0 eng|d
020 |a0-662-42625-8
040 |aCaOODSP|beng
043 |an-cn---
0861 |aFo144-4/2006E-PDF
1101 |aCanada. |bNatural Resources Canada. |bCanadian Forest Service.
24514|aThe mountain pine beetle : |h[electronic resource]|ba synthesis of biology, management, and impacts on lodgepole pine / |cedited by Les Safranyink and Bill Wilson; issued by the Pacific Forestry Centre.
260 |aVictoria - British Columbia : |bNatural Resources Canada. |c2006.
300 |a317p.|bfigs., graphs, references, tables, photographs, index
500 |aThe catalogue number (Fo144-4/2006E) and ISBN (0-662-42623-1) for the print edition have been incorrectly copied in this electronic publication.
5203 |aThis book presents a synthesis of published information on mountain pine beetle (Dendroctonus ponderosae Hopkins [Coleoptera: Scolytidae]) biology and management with an emphasis on lodgepole pine (Pinus contorta Dougl. ex Loud. var. latifolia Engelm.) forests of western Canada. Intended as a reference for researchers as well as forest managers, the book covers three main subject areas: mountain pine beetle biology, management, and socioeconomic concerns. The chapters on biology cover taxonomy, life history and habits, distribution, insect-host tree interactions, development and survival, epidemiology, and outbreak history. The management section covers management strategy, survey and detection, proactive and preventive management, and decision support tools. The chapters on socioeconomic aspects include an economic examination of management programs and the utilization of post-beetle salvage timber in solid wood, panelboard, pulp and paper products.
590 |a12-25-Supp|b2012-06-04
69007|aForest management|2gcpds
69007|aPests|2gcpds
7201 |aWilson, Bill
7201 |aSafranyink, Les
7760#|tThe Mountain Pine Beetle : |w(CaOODSP)9.650078
85640|ahttp://publications.gc.ca|qPDF|s7.43 MB|uhttps://publications.gc.ca/collections/collection_2012/rncan-nrcan/Fo144-4-2006-eng.pdf